LEADER 01526nam a2200289 i 4500 001 000000335499 003 CaOOAMICUS 005 20250916122150.0 008 190725s2014 it u000 u ita u 020 $a978-88-7667-498-3 040 $aSeMil$bita 245 10$aRoma pagana e Roma cristiana nel Rinascimento :$batti del 24. Convegno internazionale (Chianciano Terme-Pienza, 19-21 luglio 2012) /$ca cura di Luisa Secchi Tarugi. 260 $aFirenze :$bFranco Cesati,$c2014. 300 $a607 p. :$bill. ;$c23 cm. 490 0 $aQuaderni della rassegna ;$v90 650 4$aCultura - Influssi [del] Cristianesimo [e della] Cultura classica - Roma - Sec. 15.-16.$0(OLS)http://semarc/subject/48558 650 4$aRinascimento - Cultura - Storia.$0(OLS)http://semarc/subject/15197 650 4$aRoma - Storia - Sec. 15.-16.$0(OLS)http://semarc/subject/7414 700 1 $aSecchi Tarugi, Luisa,$d<1943- >.$0(OLS)http://semarc/name/62489 830 0$aQuaderni della rassegna ;$v90.$0(OLS)http://semarc/title/25151 850 $aSeMil 852 $aSeMil$W1$xVenegono$y1$m3U IV 522$j261876$B227416$CSeMilBibl$Z2$F227416 $81 961 $aBuzzi mons. Franco - Omaggio 996 $6020$a978-88-7667-498-3$9(OLS)http://semarc/number/288194 996 $6245$aRoma pagana e Roma cristiana nel Rinascimento :$batti del 24. Convegno internazionale (Chianciano Terme-Pienza, 19-21 luglio 2012)$9(OLS)http://semarc/title/424930 996 $6260$aFirenze :$bFranco Cesati$9(OLS)http://semarc/publisher/34075 LEADER 01248nam a2200265 i 4500 001 000000202962 003 CaOOAMICUS 005 20200907101111.0 008 110608s1938 it u000 u ita u 013 $a181674 040 $aSeMil$bita 245 10$aManuale delle funzioni parrocchiali :$bRito Ambrosiano : ricordo della Prima S. Comunione. 246 04$iTitolo in copertina:$aRicordo della Prima Comunione : le funzioni parrocchiali in Rito Ambrosiano 250 $aSeconda edizione riveduta e ampliata. 260 $aVarese :$bLa Tipografica Varese,$c1938. 300 $a142 p. ;$c13 cm. 650 4$aPrima comunione.$0(OLS)http://semarc/subject/11123 650 4$aRito ambrosiano.$0(OLS)http://semarc/subject/2295 850 $aSeMil 852 $aSeMil$W1$xVenegono$y1$m5D IX 17/36$j153458$B153458$CSeMilBibl$Z2$F164393 $81 961 $aOmaggio: Altro 996 $6245$aManuale delle funzioni parrocchiali :$bRito Ambrosiano : ricordo della Prima S. Comunione$9(OLS)http://semarc/title/293791 996 $6246$aRicordo della Prima Comunione : le funzioni parrocchiali in Rito Ambrosiano$9(OLS)http://semarc/title/293792 996 $6260$aVarese :$bLa Tipografica Varese$9(OLS)http://semarc/publisher/39993